[Event "17. Obert Int. Sant Marti 2015"]
[Site "Barcelona ESP"]
[Date "2015.07.17"]
[Round "5.73"]
[White "Jul Perez, Alberto"]
[Black "Torrents Senal, Marc"]
[Result "1/2-1/2"]
[WhiteElo "1870"]
[BlackElo "1824"]
[PlyCount "78"]
[EventDate "2015.07.13"]
[EventType "swiss"]
[EventRounds "9"]
[EventCountry "ESP"]
[SourceTitle "Ajedrez en Madrid"]
[Source "lmi"]
[SourceDate "2013.07.13"]
[SourceVersion "1"]
[SourceVersionDate "2019.06.24"]
[SourceQuality "1"]

1. e4 c6 2. d4 d5 3. Nc3 dxe4 4. Nxe4 Bf5 5. Ng3 Bg6 6. h4 h6 7. Nf3 Nd7 8. h5
Bh7 9. Bd3 Bxd3 10. Qxd3 e6 11. Bf4 Nb6 12. O-O-O Qd5 13. Kb1 Qc4 14. Qxc4 Nxc4
15. b3 Nb6 16. Ne4 Nd5 17. Bd2 Ngf6 18. Nxf6+ Nxf6 19. Ne5 Rd8 20. Be3 Bd6 21.
Nc4 Bc7 22. f3 O-O 23. Bf2 Rd5 24. g4 Rfd8 25. c3 Bf4 26. Be3 Bxe3 27. Nxe3
R5d7 28. Kc2 Nd5 29. Nxd5 cxd5 30. f4 b5 31. Kd2 Rc8 32. Rhe1 Kf8 33. Re3 Rd6
34. Rde1 Ra6 35. Ra1 Ra3 36. Kc2 Ra6 37. Kb2 Ke7 38. Rae1 Rac6 39. b4 Kd7
1/2-1/2

[Event "17. Obert Int. Sant Marti 2015"]
[Site "Barcelona ESP"]
[Date "2015.07.17"]
[Round "5.74"]
[White "Quero Ortega, Juan"]
[Black "Tateo, Ida"]
[Result "1-0"]
[WhiteElo "1820"]
[BlackElo "1301"]
[PlyCount "85"]
[EventDate "2015.07.13"]
[EventType "swiss"]
[EventRounds "9"]
[EventCountry "ESP"]
[SourceTitle "Ajedrez en Madrid"]
[Source "lmi"]
[SourceDate "2013.07.13"]
[SourceVersion "1"]
[SourceVersionDate "2019.06.24"]
[SourceQuality "1"]

1. c4 Nf6 2. Nc3 g6 3. g3 Bg7 4. Bg2 O-O 5. e3 d6 6. Nge2 c5 7. O-O Nc6 8. d4
cxd4 9. exd4 e5 10. d5 Ne7 11. Bg5 h6 12. Bd2 Bd7 13. Qc1 Kh7 14. b3 Qc8 15.
Qa3 Ne8 16. Rac1 Bh3 17. Ne4 Bxg2 18. Kxg2 Qd7 19. Bb4 Nc8 20. Rcd1 f5 21. N4c3
a6 22. Qc1 Qf7 23. f4 e4 24. Qe3 Nf6 25. h3 Nd7 26. Nd4 Bf6 27. Ne6 Rg8 28. Ne2
b5 29. Nc7 Ra7 30. Ba5 bxc4 31. bxc4 Nc5 32. Ne6 Nxe6 33. dxe6 Qxe6 34. Rd5 g5
35. a4 Qf7 36. Rxf5 Qg6 37. Rd5 Be7 38. f5 Qh5 39. g4 Qh4 40. Be1 h5 41. Bxh4
gxh4 42. Qxe4 hxg4 43. f6+ 1-0

[Event "17. Obert Int. Sant Marti 2015"]
[Site "Barcelona ESP"]
[Date "2015.07.18"]
[Round "6.1"]
[White "Sundararajan, Kidambi"]
[Black "Petrosyan, Tigran S."]
[Result "1/2-1/2"]
[WhiteElo "2433"]
[BlackElo "2441"]
[PlyCount "48"]
[EventDate "2015.07.13"]
[EventType "swiss"]
[EventRounds "9"]
[EventCountry "ESP"]
[SourceTitle "Ajedrez en Madrid"]
[Source "lmi"]
[SourceDate "2013.07.13"]
[SourceVersion "1"]
[SourceVersionDate "2019.06.24"]
[SourceQuality "1"]

1. Nf3 d5 2. g3 g6 3. c4 dxc4 4. Na3 Bg7 5. Nxc4 Nc6 6. Bg2 e5 7. d3 Nge7 8.
O-O O-O 9. Bd2 Be6 10. Rc1 f6 11. b4 a6 12. a4 Nd5 13. b5 axb5 14. axb5 Nd4 15.
e4 Nxf3+ 16. Bxf3 Nb6 17. Bb4 Rf7 18. Na5 Qd7 19. Nxb7 Qxb5 20. Rb1 Na4 21. Ba5
Nb2 22. Qc2 Qxb7 23. Rxb2 Qa6 24. Bc3 Rd8 1/2-1/2

[Event "17. Obert Int. Sant Marti 2015"]
[Site "Barcelona ESP"]
[Date "2015.07.18"]
[Round "6.2"]
[White "Gagare, Shardul"]
[Black "Roy, Prantik"]
[Result "1-0"]
[WhiteElo "2425"]
[BlackElo "2292"]
[PlyCount "85"]
[EventDate "2015.07.13"]
[EventType "swiss"]
[EventRounds "9"]
[EventCountry "ESP"]
[SourceTitle "Ajedrez en Madrid"]
[Source "lmi"]
[SourceDate "2013.07.13"]
[SourceVersion "1"]
[SourceVersionDate "2019.06.24"]
[SourceQuality "1"]

1. d4 Nf6 2. c4 c5 3. d5 e6 4. Nc3 exd5 5. cxd5 d6 6. Nf3 g6 7. Bf4 Bg7 8. Qa4+
Bd7 9. Qb3 Qc7 10. e4 O-O 11. Be2 Re8 12. Nd2 a6 13. a4 Bg4 14. f3 Nh5 15. Be3
Bc8 16. g4 Nf6 17. Nc4 Nbd7 18. Bf4 Bf8 19. a5 Rb8 20. Na4 Ne5 21. Bxe5 dxe5
22. Qb6 Qxb6 23. Naxb6 Nd7 24. Nxc8 Rexc8 25. Kf2 Be7 26. h4 f5 27. exf5 gxf5
28. Bd3 e4 29. fxe4 fxe4 30. Bxe4 b5 31. axb6 Nxb6 32. Ne5 Rf8+ 33. Kg2 Bf6 34.
Nc6 Rbe8 35. Rae1 Bxb2 36. d6 Bc3 37. Re2 Kg7 38. Rb1 Nd7 39. Rb7 Rf7 40. Ne7
Nf6 41. Bc6 Rd8 42. Nf5+ Kf8 43. Ree7 1-0

[Event "17. Obert Int. Sant Marti 2015"]
[Site "Barcelona ESP"]
[Date "2015.07.18"]
[Round "6.3"]
[White "Diermair, Andreas"]
[Black "Peralta, Fernando"]
[Result "1-0"]
[WhiteElo "2485"]
[BlackElo "2556"]
[PlyCount "87"]
[EventDate "2015.07.13"]
[EventType "swiss"]
[EventRounds "9"]
[EventCountry "ESP"]
[SourceTitle "Ajedrez en Madrid"]
[Source "lmi"]
[SourceDate "2013.07.13"]
[SourceVersion "1"]
[SourceVersionDate "2019.06.24"]
[SourceQuality "1"]

1. d4 Nf6 2. c4 e6 3. Nf3 d5 4. g3 Bb4+ 5. Bd2 Be7 6. Bg2 O-O 7. O-O c6 8. Qc2
Nbd7 9. Bf4 a5 10. Rd1 a4 11. Ne5 Qa5 12. Nd2 Nxe5 13. dxe5 Nd7 14. Nf3 Nb6 15.
cxd5 exd5 16. Ng5 g6 17. e4 Bg4 18. Re1 Rad8 19. h3 Bc8 20. e6 fxe6 21. e5 Rxf4
22. gxf4 Rf8 23. Re3 Rxf4 24. Rg3 Qc5 25. Qxc5 Bxc5 26. Rf3 Rc4 27. b3 Rc2 28.
h4 Nd7 29. Re1 Bb4 30. Bh3 Nf8 31. Rd1 a3 32. Rd4 c5 33. Rdf4 c4 34. bxc4 Rxa2
35. cxd5 Ra1+ 36. Kg2 Rg1+ 37. Kxg1 a2 38. d6 a1=Q+ 39. Kg2 Nd7 40. Bxe6+ Kh8
41. Rf8+ Nxf8 42. Rxf8+ Kg7 43. Rf7+ Kg8 44. Rd7+ 1-0

[Event "17. Obert Int. Sant Marti 2015"]
[Site "Barcelona ESP"]
[Date "2015.07.18"]
[Round "6.4"]
[White "Rios, Cristhian Camilo"]
[Black "Cicak, Slavko"]
[Result "1/2-1/2"]
[WhiteElo "2435"]
[BlackElo "2514"]
[PlyCount "129"]
[EventDate "2015.07.13"]
[EventType "swiss"]
[EventRounds "9"]
[EventCountry "ESP"]
[SourceTitle "Ajedrez en Madrid"]
[Source "lmi"]
[SourceDate "2013.07.13"]
[SourceVersion "1"]
[SourceVersionDate "2019.06.24"]
[SourceQuality "1"]

1. d4 g6 2. c4 Bg7 3. Nf3 Nf6 4. Nc3 O-O 5. e4 d6 6. Be2 c5 7. d5 Bg4 8. O-O
Bxf3 9. Bxf3 Nbd7 10. Be3 Re8 11. Rb1 e6 12. b4 exd5 13. cxd5 b6 14. bxc5 Nxc5
15. Rb4 Rc8 16. Qd2 a6 17. Rfb1 Nfd7 18. a4 a5 19. Rc4 Ne5 20. Rd4 Nxf3+ 21.
gxf3 Bxd4 22. Bxd4 Nd7 23. Nb5 Ne5 24. Qe3 Qd7 25. Kg2 f5 26. exf5 Rcd8 27.
fxg6 Nxg6 28. Qh6 Qf7 29. Rg1 Rd7 30. Kf1 Qf5 31. Rg4 Qd3+ 32. Kg2 Rf7 33.
Rxg6+ Qxg6+ 34. Qxg6+ hxg6 35. Nxd6 Rd8 36. Nxf7 Kxf7 37. Bxb6 Rxd5 38. Kg3 Ke6
39. Kf4 Kd6 40. h4 Kc6 41. Ke4 Rf5 42. Bd8 Rc5 43. Kf4 Rd5 44. Bg5 Kc5 45. Ke4
Rd7 46. Ke5 Kb4 47. Ke6 Ra7 48. f4 Kxa4 49. f5 gxf5 50. h5 Kb3 51. Be7 a4 52.
h6 Ra6+ 53. Bd6 a3 54. h7 a2 55. h8=Q a1=Q 56. Qxa1 Rxa1 57. Kxf5 Kc4 58. Ke6
Rh1 59. f4 Rh6+ 60. Ke5 Rh8 61. Ke6 Rh6+ 62. Ke5 Kb5 63. f5 Kc6 64. f6 Rxf6 65.
Kxf6 1/2-1/2

[Event "17. Obert Int. Sant Marti 2015"]
[Site "Barcelona ESP"]
[Date "2015.07.18"]
[Round "6.5"]
[White "Manolache, Marius"]
[Black "Shyam, Sundar M."]
[Result "1-0"]
[WhiteElo "2467"]
[BlackElo "2492"]
[PlyCount "97"]
[EventDate "2015.07.13"]
[EventType "swiss"]
[EventRounds "9"]
[EventCountry "ESP"]
[SourceTitle "Ajedrez en Madrid"]
[Source "lmi"]
[SourceDate "2013.07.13"]
[SourceVersion "1"]
[SourceVersionDate "2019.06.24"]
[SourceQuality "1"]

1. d4 Nf6 2. c4 g6 3. Nf3 Bg7 4. Nc3 d5 5. e3 O-O 6. Qb3 dxc4 7. Bxc4 c5 8. O-O
cxd4 9. exd4 Nc6 10. Ne5 Nxd4 11. Bxf7+ Kh8 12. Qd1 Nd7 13. Nxd7 Rxf7 14. Nc5
Bf5 15. N5e4 e5 16. Be3 Rc8 17. Rc1 Rd7 18. Kh1 b5 19. b4 a5 20. a3 a4 21. Nc5
Rxc5 22. bxc5 Nb3 23. Qe1 Nxc1 24. Qxc1 Bd3 25. Re1 Qc8 26. Na2 Bc4 27. Nb4 Kg8
28. c6 Rf7 29. Bc5 h5 30. Qe3 Kh7 31. h3 Qf5 32. Bd6 Bh6 33. Qxe5 Qxf2 34. Qg3
Qxg3 35. Bxg3 Bd2 36. Re8 h4 37. Bd6 Rf1+ 38. Kh2 Re1 39. Rxe1 Bxe1 40. c7 Bxb4
41. Bxb4 Be6 42. Be7 Kh6 43. Bxh4 Bc8 44. Bf6 Kh7 45. Kg3 Kg8 46. Kf4 Kf7 47.
Kg5 Bb7 48. h4 Bc8 49. Bc3 1-0

[Event "17. Obert Int. Sant Marti 2015"]
[Site "Barcelona ESP"]
[Date "2015.07.18"]
[Round "6.6"]
[White "Grigoryan, Karen H."]
[Black "Swapnil, S. Dhopade"]
[Result "1-0"]
[WhiteElo "2580"]
[BlackElo "2453"]
[PlyCount "57"]
[EventDate "2015.07.13"]
[EventType "swiss"]
[EventRounds "9"]
[EventCountry "ESP"]
[SourceTitle "Ajedrez en Madrid"]
[Source "lmi"]
[SourceDate "2013.07.13"]
[SourceVersion "1"]
[SourceVersionDate "2019.06.24"]
[SourceQuality "1"]

1. d4 Nf6 2. c4 c5 3. d5 b5 4. Qc2 bxc4 5. e4 e6 6. Bxc4 exd5 7. exd5 d6 8. Nf3
Be7 9. O-O O-O 10. b3 Bg4 11. Qd3 Nbd7 12. Bb2 Ne8 13. Nc3 Bf6 14. Rae1 Bxf3
15. Qxf3 Ne5 16. Qg3 Nxc4 17. bxc4 Qa5 18. Ba1 Be5 19. Rxe5 dxe5 20. Qxe5 Qb4
21. Nb5 f6 22. Qe6+ Kh8 23. d6 a6 24. Qe7 Rg8 25. Nc3 Qxc4 26. Ne4 Qxa2 27. d7
Qd5 28. Nc3 Qd3 29. Rd1 1-0

[Event "17. Obert Int. Sant Marti 2015"]
[Site "Barcelona ESP"]
[Date "2015.07.18"]
[Round "6.7"]
[White "Gonzalez Perez, Arian"]
[Black "Burmakin, Vladimir"]
[Result "1/2-1/2"]
[WhiteElo "2440"]
[BlackElo "2571"]
[PlyCount "75"]
[EventDate "2015.07.13"]
[EventType "swiss"]
[EventRounds "9"]
[EventCountry "ESP"]
[SourceTitle "Ajedrez en Madrid"]
[Source "lmi"]
[SourceDate "2013.07.13"]
[SourceVersion "1"]
[SourceVersionDate "2019.06.24"]
[SourceQuality "1"]

1. e4 g6 2. d4 Bg7 3. Nc3 c6 4. Nf3 d6 5. h3 Nf6 6. Bd3 O-O 7. O-O Qc7 8. Ne2
e5 9. c3 Nbd7 10. Ng3 b6 11. Be3 Re8 12. Qd2 Nf8 13. a4 a5 14. Qc2 Ne6 15. Rfd1
Nf4 16. dxe5 dxe5 17. Bc4 Be6 18. Bxe6 Nxe6 19. Rd2 h6 20. Qb3 Rab8 21. Qc4 Bf8
22. Rad1 b5 23. axb5 cxb5 24. Qxc7 Nxc7 25. Ra1 a4 26. c4 a3 27. bxa3 bxc4 28.
Rc2 Nb5 29. Rxc4 Nxa3 30. Rc3 Nb5 31. Rb3 Nd6 32. Rxb8 Rxb8 33. Nxe5 Re8 34.
Ng4 Nxg4 35. hxg4 Nxe4 36. Nxe4 Rxe4 37. Ra8 Kg7 38. Bxh6+ 1/2-1/2

[Event "17. Obert Int. Sant Marti 2015"]
[Site "Barcelona ESP"]
[Date "2015.07.18"]
[Round "6.8"]
[White "Lopez Martinez, Josep Manuel"]
[Black "Vassallo Barroche, Mauricio"]
[Result "1-0"]
[WhiteElo "2536"]
[BlackElo "2430"]
[PlyCount "49"]
[EventDate "2015.07.13"]
[EventType "swiss"]
[EventRounds "9"]
[EventCountry "ESP"]
[SourceTitle "Ajedrez en Madrid"]
[Source "lmi"]
[SourceDate "2013.07.13"]
[SourceVersion "1"]
[SourceVersionDate "2019.06.24"]
[SourceQuality "1"]

1. e4 d6 2. d4 Nf6 3. Nc3 g6 4. Be3 c6 5. h3 Bg7 6. f4 Qa5 7. Bd3 Nbd7 8. Nf3
e5 9. Qd2 O-O 10. O-O exd4 11. Nxd4 Re8 12. Nb3 Qc7 13. f5 b5 14. a3 Ne5 15.
Bg5 gxf5 16. exf5 Kh8 17. Qf4 Nxd3 18. cxd3 Qb6+ 19. Kh1 d5 20. d4 Ne4 21. Nxe4
dxe4 22. Rae1 b4 23. f6 Bf8 24. Bh6 Be6 25. Nc5 1-0

[Event "17. Obert Int. Sant Marti 2015"]
[Site "Barcelona ESP"]
[Date "2015.07.18"]
[Round "6.9"]
[White "Alsina Leal, Daniel"]
[Black "Erdogdu, Mert"]
[Result "0-1"]
[WhiteElo "2531"]
[BlackElo "2426"]
[PlyCount "88"]
[EventDate "2015.07.13"]
[EventType "swiss"]
[EventRounds "9"]
[EventCountry "ESP"]
[SourceTitle "Ajedrez en Madrid"]
[Source "lmi"]
[SourceDate "2013.07.13"]
[SourceVersion "1"]
[SourceVersionDate "2019.06.24"]
[SourceQuality "1"]

1. e4 e5 2. Nf3 Nc6 3. Bb5 a6 4. Ba4 Nf6 5. O-O Be7 6. d3 d6 7. c3 O-O 8. Nbd2
b5 9. Bc2 Nb8 10. a4 Bb7 11. Re1 Nbd7 12. Nf1 Re8 13. Ng3 g6 14. d4 Bf8 15. Bd3
c6 16. b3 Qc7 17. Bb2 Bg7 18. Qc2 d5 19. exd5 Nxd5 20. Bf1 Nf4 21. dxe5 Nxe5
22. Nxe5 Bxe5 23. c4 bxa4 24. Ne4 c5 25. Nf6+ Bxf6 26. Bxf6 Nh3+ 27. Kh1 Qf4
28. Bb2 Nxf2+ 29. Kg1 Ng4 30. g3 Qf3 31. Bg2 Qxg2+ 32. Qxg2 Bxg2 33. Kxg2 axb3
34. Rxa6 f5 35. h3 Rxa6 36. Rxe8+ Kf7 37. Re2 Nf6 38. Re3 Rb6 39. Kf3 Ne4 40.
Ke2 Rb4 41. Rd3 Ke6 42. Re3 Kd7 43. Rd3+ Kc6 44. Re3 Nd6 0-1

[Event "17. Obert Int. Sant Marti 2015"]
[Site "Barcelona ESP"]
[Date "2015.07.18"]
[Round "6.10"]
[White "Munoz Pantoja, Miguel"]
[Black "Ghosh, Diptayan"]
[Result "1/2-1/2"]
[WhiteElo "2430"]
[BlackElo "2523"]
[PlyCount "90"]
[EventDate "2015.07.13"]
[EventType "swiss"]
[EventRounds "9"]
[EventCountry "ESP"]
[SourceTitle "Ajedrez en Madrid"]
[Source "lmi"]
[SourceDate "2013.07.13"]
[SourceVersion "1"]
[SourceVersionDate "2019.06.24"]
[SourceQuality "1"]

1. e4 c5 2. Nf3 e6 3. g3 Nc6 4. Bg2 Nf6 5. Nc3 e5 6. d3 d6 7. Bg5 Be7 8. O-O
O-O 9. Bxf6 Bxf6 10. Nd5 Be6 11. Nd2 g6 12. Nxf6+ Qxf6 13. Nc4 Rad8 14. Ne3 Qg7
15. c3 Kh8 16. Qe2 Ne7 17. f4 exf4 18. Rxf4 b5 19. a3 a5 20. Rd1 Nc6 21. Nd5
Bxd5 22. exd5 Ne5 23. d4 cxd4 24. Rfxd4 Rb8 25. a4 bxa4 26. Rxa4 Rfe8 27. Rxa5
f5 28. Rda1 Qb7 29. b4 Ng4 30. Qa6 Qg7 31. h3 Ne3 32. Qxd6 Nc4 33. Qc5 Qxc3 34.
Ra7 Qxb4 35. Qc7 Qb6+ 36. Kh2 Qxc7 37. Rxc7 Rbc8 38. Raa7 Rxc7 39. Rxc7 Nd6 40.
Rd7 Ne4 41. d6 Re6 42. Bxe4 fxe4 43. Kg2 e3 44. Kf1 e2+ 45. Ke1 Kg8 1/2-1/2

[Event "17. Obert Int. Sant Marti 2015"]
[Site "Barcelona ESP"]
[Date "2015.07.18"]
[Round "6.11"]
[White "Gomez Garrido, Camilo Ernesto"]
[Black "Codenotti, Marco"]
[Result "1-0"]
[WhiteElo "2519"]
[BlackElo "2421"]
[PlyCount "135"]
[EventDate "2015.07.13"]
[EventType "swiss"]
[EventRounds "9"]
[EventCountry "ESP"]
[SourceTitle "Ajedrez en Madrid"]
[Source "lmi"]
[SourceDate "2013.07.13"]
[SourceVersion "1"]
[SourceVersionDate "2019.06.24"]
[SourceQuality "1"]

1. d4 d5 2. c4 c6 3. Nf3 Nf6 4. e3 Bf5 5. Nc3 a6 6. Qb3 Ra7 7. a4 e6 8. Nh4 Be4
9. f3 Bg6 10. g3 c5 11. Nxg6 hxg6 12. cxd5 exd5 13. Ne2 Nc6 14. Bd2 cxd4 15.
Nxd4 Bd6 16. Kf2 Qe7 17. Rc1 Qe5 18. Ne2 Qf5 19. Nf4 g5 20. Bd3 Qd7 21. Ne2 g4
22. f4 O-O 23. Bc3 Ne4+ 24. Bxe4 dxe4 25. Rcd1 Rd8 26. Qd5 Qe6 27. Qxe6 fxe6
28. Nd4 Kf7 29. Nxc6 bxc6 30. Rd4 Be7 31. Rhd1 Rd5 32. Ke2 Rad7 33. Rc1 Bf6 34.
Rxd5 cxd5 35. b4 Rb7 36. Bd2 Be7 37. Rb1 g6 38. Kd1 g5 39. Kc2 gxf4 40. gxf4
Kf6 41. a5 Kf5 42. Bc3 Bd6 43. Kb3 d4 44. exd4 e3 45. Kc2 Ke4 46. b5 axb5 47.
a6 Ra7 48. Ra1 b4 49. Be1 Kxd4 50. Rd1+ Kc5 51. Bxb4+ Kxb4 52. Rxd6 Kc5 53.
Rxe6 Kd5 54. f5 Kd4 55. Kd1 Ra8 56. Ke2 Ra7 57. Kf1 Rf7 58. Ke2 Ra7 59. f6 Kd5
60. Re8 Kd4 61. Rg8 Ke5 62. Rg5+ Kxf6 63. Ra5 Ke6 64. Kxe3 Kd6 65. Kf4 Kc6 66.
Kxg4 Kb6 67. Ra2 Rg7+ 68. Kf5 1-0

[Event "17. Obert Int. Sant Marti 2015"]
[Site "Barcelona ESP"]
[Date "2015.07.18"]
[Round "6.12"]
[White "Cuartas, Jaime Alexander"]
[Black "Alarcon Casellas, Rolando"]
[Result "1/2-1/2"]
[WhiteElo "2503"]
[BlackElo "2411"]
[PlyCount "80"]
[EventDate "2015.07.13"]
[EventType "swiss"]
[EventRounds "9"]
[EventCountry "ESP"]
[SourceTitle "Ajedrez en Madrid"]
[Source "lmi"]
[SourceDate "2013.07.13"]
[SourceVersion "1"]
[SourceVersionDate "2019.06.24"]
[SourceQuality "1"]

1. d4 c5 2. d5 g6 3. e4 Bg7 4. Nf3 d6 5. h3 Nf6 6. Nc3 O-O 7. Be2 b5 8. Nxb5
Nxe4 9. O-O a6 10. Na3 Nd7 11. Bd3 Nef6 12. c4 Rb8 13. Re1 Nh5 14. Rb1 Ne5 15.
Nxe5 Bxe5 16. Bh6 Re8 17. Qd2 e6 18. Bg5 Bf6 19. Be3 e5 20. b4 cxb4 21. Rxb4
Rxb4 22. Qxb4 Bg5 23. Bf1 Bxe3 24. Rxe3 Nf4 25. Nb1 Bf5 26. Nc3 Qc7 27. Qa3 Qb6
28. Kh2 Rc8 29. g3 Bd3 30. Na4 Qa5 31. Bxd3 Nxd3 32. Rxd3 Rxc4 33. Qxd6 Qe1 34.
Rf3 Rc1 35. Qd8+ Kg7 36. Qf6+ Kh6 37. Qh4+ Kg7 38. Qf6+ Kh6 39. Qh4+ Kg7 40.
Qf6+ Kh6 1/2-1/2

[Event "17. Obert Int. Sant Marti 2015"]
[Site "Barcelona ESP"]
[Date "2015.07.18"]
[Round "6.13"]
[White "Oratovsky, Michael"]
[Black "Ramirez Garcia, Jorge Alberto"]
[Result "1-0"]
[WhiteElo "2490"]
[BlackElo "2312"]
[PlyCount "79"]
[EventDate "2015.07.13"]
[EventType "swiss"]
[EventRounds "9"]
[EventCountry "ESP"]
[SourceTitle "Ajedrez en Madrid"]
[Source "lmi"]
[SourceDate "2013.07.13"]
[SourceVersion "1"]
[SourceVersionDate "2019.06.24"]
[SourceQuality "1"]

1. e4 e6 2. d4 d5 3. Nd2 c5 4. Ngf3 Nc6 5. Bb5 cxd4 6. Nxd4 Bd7 7. Nxc6 bxc6 8.
Bd3 Bd6 9. Qe2 Ne7 10. e5 Bc7 11. O-O Ng6 12. Nf3 f6 13. exf6 gxf6 14. Nh4 Nxh4
15. Qh5+ Ng6 16. Bxg6+ Ke7 17. Bd3 Qe8 18. Qh4 Qf7 19. c4 Rag8 20. Bh6 Bd6 21.
cxd5 cxd5 22. Rac1 Rb8 23. Rc2 Rb4 24. f4 Rd4 25. Qh3 Rg8 26. f5 e5 27. Be2 Rb8
28. Be3 Rdb4 29. b3 d4 30. Bd2 R4b6 31. Bc4 Qg7 32. Bh6 Qh8 33. Qh5 Be8 34. Qf3
Bc6 35. Qh5 Be8 36. Qg4 Bf7 37. Bxf7 Kxf7 38. Rfc1 R6b7 39. Qe4 Ke7 40. Rc8 1-0

[Event "17. Obert Int. Sant Marti 2015"]
[Site "Barcelona ESP"]
[Date "2015.07.18"]
[Round "6.14"]
[White "Cruz, Filemon"]
[Black "Ducarmon, Quinten"]
[Result "0-1"]
[WhiteElo "2402"]
[BlackElo "2475"]
[PlyCount "84"]
[EventDate "2015.07.13"]
[EventType "swiss"]
[EventRounds "9"]
[EventCountry "ESP"]
[SourceTitle "Ajedrez en Madrid"]
[Source "lmi"]
[SourceDate "2013.07.13"]
[SourceVersion "1"]
[SourceVersionDate "2019.06.24"]
[SourceQuality "1"]

1. c4 e5 2. Nc3 Nf6 3. g3 Nc6 4. Bg2 Bc5 5. a3 a6 6. e3 O-O 7. Nge2 d6 8. d3
Ba7 9. O-O Ne7 10. d4 c6 11. b3 h6 12. Bb2 Be6 13. h3 Nf5 14. Qd3 exd4 15. exd4
d5 16. cxd5 cxd5 17. Na4 Nd6 18. Nc5 Bf5 19. Qd1 Re8 20. Nf4 Be4 21. Re1 Rc8
22. Nfd3 Rc7 23. a4 Nf5 24. Qd2 Qc8 25. Nf4 Bxg2 26. Kxg2 Rxe1 27. Qxe1 g5 28.
Ne2 Ne4 29. Qd1 Rxc5 30. dxc5 Qxc5 31. Nd4 Nxd4 32. Rc1 Qb4 33. Rc8+ Kh7 34.
Rc7 Kg6 35. h4 h5 36. g4 hxg4 37. h5+ Kxh5 38. Rxf7 Kg6 39. Rd7 Ne6 40. Qxg4
Nf4+ 41. Kh2 Qd2 42. Rg7+ Kh6 0-1

[Event "17. Obert Int. Sant Marti 2015"]
[Site "Barcelona ESP"]
[Date "2015.07.18"]
[Round "6.15"]
[White "Harutyunian, Tigran K."]
[Black "Mosquera, Miguel"]
[Result "1-0"]
[WhiteElo "2472"]
[BlackElo "2375"]
[PlyCount "73"]
[EventDate "2015.07.13"]
[EventType "swiss"]
[EventRounds "9"]
[EventCountry "ESP"]
[SourceTitle "Ajedrez en Madrid"]
[Source "lmi"]
[SourceDate "2013.07.13"]
[SourceVersion "1"]
[SourceVersionDate "2019.06.24"]
[SourceQuality "1"]

1. c4 c6 2. e4 d5 3. exd5 cxd5 4. cxd5 Nf6 5. Qa4+ Nbd7 6. Nc3 g6 7. Bc4 Bg7 8.
d3 O-O 9. Nf3 a6 10. Qa3 Nb6 11. Qb3 Bg4 12. Ne5 Bf5 13. O-O Qd6 14. Re1 Rfc8
15. a4 Nbd7 16. Nxd7 Nxd7 17. Ne4 Qb6 18. Qa3 Ne5 19. Ba2 Qd4 20. Be3 Qxd3 21.
Nc3 Nc4 22. Bxc4 Qxc4 23. Qxe7 Rc7 24. Qg5 Rd7 25. Rac1 Re8 26. Bb6 Rxe1+ 27.
Rxe1 h6 28. Qe3 Kh7 29. h3 h5 30. Qe8 Qb4 31. a5 Qxb2 32. Ne4 Bc3 33. Ng5+ Kg7
34. Bc5 Kh6 35. Nxf7+ Rxf7 36. Qxf7 Bxe1 37. Bf8+ 1-0

[Event "17. Obert Int. Sant Marti 2015"]
[Site "Barcelona ESP"]
[Date "2015.07.18"]
[Round "6.16"]
[White "Morales, Jhon Alexander"]
[Black "Pardo Simon, David"]
[Result "0-1"]
[WhiteElo "2308"]
[BlackElo "2468"]
[PlyCount "70"]
[EventDate "2015.07.13"]
[EventType "swiss"]
[EventRounds "9"]
[EventCountry "ESP"]
[SourceTitle "Ajedrez en Madrid"]
[Source "lmi"]
[SourceDate "2013.07.13"]
[SourceVersion "1"]
[SourceVersionDate "2019.06.24"]
[SourceQuality "1"]

1. e4 e5 2. Nf3 Nc6 3. Bb5 Nge7 4. c3 d5 5. Nxe5 dxe4 6. Nxc6 bxc6 7. Be2 Bf5
8. O-O Ng6 9. Qa4 Bd6 10. Qxc6+ Kf8 11. f4 Rb8 12. g3 h5 13. Qd5 Qf6 14. Na3 h4
15. g4 Be6 16. Qxe4 Nxf4 17. d4 Bd5 18. Rxf4 Bxe4 19. Rxf6 gxf6 20. Nc4 f5 21.
Nxd6 cxd6 22. h3 fxg4 23. hxg4 f5 24. g5 h3 25. Kh2 Rh4 26. b3 Re8 27. Bd2 Bc6
28. Bd3 Rg4 29. Rg1 Rg2+ 30. Rxg2 hxg2 31. Kg1 Kg7 32. c4 Bf3 33. d5 Kg6 34.
Kf2 Be2 35. Bc2 Bxc4 0-1

[Event "17. Obert Int. Sant Marti 2015"]
[Site "Barcelona ESP"]
[Date "2015.07.18"]
[Round "6.17"]
[White "Kessler, Luca"]
[Black "Narayanan, Srinath"]
[Result "1/2-1/2"]
[WhiteElo "2364"]
[BlackElo "2464"]
[PlyCount "209"]
[EventDate "2015.07.13"]
[EventType "swiss"]
[EventRounds "9"]
[EventCountry "ESP"]
[SourceTitle "Ajedrez en Madrid"]
[Source "lmi"]
[SourceDate "2013.07.13"]
[SourceVersion "1"]
[SourceVersionDate "2019.06.24"]
[SourceQuality "1"]

1. d4 Nf6 2. c4 e6 3. Nc3 Bb4 4. Qc2 d6 5. Nf3 Nbd7 6. g3 e5 7. Bg2 O-O 8. O-O
c6 9. a3 Bxc3 10. Qxc3 Qe7 11. dxe5 dxe5 12. b3 Re8 13. Bb2 e4 14. Nd4 Nc5 15.
Nc2 Be6 16. Ne3 b5 17. Qc2 a5 18. b4 Ncd7 19. bxa5 Rxa5 20. Qc3 Ra6 21. cxb5
cxb5 22. Bxe4 Nc5 23. Bg2 Na4 24. Qb4 Nxb2 25. Qxb5 Rxa3 26. Qxb2 Rb3 27. Qd4
Rb4 28. Qa7 Qxa7 29. Rxa7 Rb2 30. Re1 g6 31. h4 Rd8 32. Bf3 Rdd2 33. Raa1 Nd7
34. Rad1 Ne5 35. Kg2 Nxf3 36. Kxf3 h5 37. Rxd2 Rxd2 38. Rc1 Kg7 39. Re1 Ra2 40.
Kg2 Bc8 41. f3 Ba6 42. Kf2 Rb2 43. Nd5 Bc4 44. Nf4 Ba2 45. Rc1 Rb7 46. Rc2 Bb1
47. Rc5 Ba2 48. Ke3 Bb3 49. Nd3 Re7+ 50. Kd2 Ra7 51. Ke3 Re7+ 52. Kf2 Ra7 53.
Rc3 Be6 54. Nf4 Bd7 55. Rc2 Bf5 56. e4 Bd7 57. Nd5 Be6 58. Ne3 Ra2 59. Rxa2
Bxa2 60. Ke2 Bb1 61. Nd5 Ba2 62. Nc3 Be6 63. Ke3 Kf6 64. Kf4 Bc4 65. Nd5+ Ke6
66. Kg5 Ke5 67. Nf6 Bd3 68. f4+ Ke6 69. e5 Ke7 70. Nh7 Bf5 71. Kh6 Be6 72. Kg7
Bc4 73. Nf6 Be6 74. Ne4 Bd5 75. Nd2 Be6 76. Nf3 Bd5 77. Nd4 Be4 78. Kh6 f6 79.
Kg7 fxe5 80. fxe5 Bb1 81. Kh6 Bd3 82. Kg5 Kf7 83. Kf4 Ke7 84. Ke3 Bb1 85. Ne2
Ke6 86. Nc3 Bc2 87. Kd4 Ke7 88. Nd5+ Ke6 89. Nf4+ Ke7 90. Ke3 Bb1 91. Ne2 Ke6
92. Kf4 Bd3 93. Ng1 Bb1 94. Nf3 Bd3 95. Ng5+ Ke7 96. Nf3 Bb1 97. Nd2 Bd3 98.
Ne4 Bb1 99. Nf6 Ke6 100. Ng8 Kf7 101. Nh6+ Ke6 102. Kg5 Bc2 103. Ng8 Bb1 104.
Nh6 Bc2 105. Ng8 1/2-1/2